Interpreting audiences : the ethnography of media consumption

Αποθηκεύτηκε σε:
Λεπτομέρειες βιβλιογραφικής εγγραφής
Κύριος συγγραφέας: Moores, Shaun
Μορφή: Βιβλίο
Γλώσσα:English
Δημοσίευση: London : Sage Publications, c1993
Σειρά:Media, culture and society series
Θέματα:
Ετικέτες: Προσθήκη ετικέτας
Δεν υπάρχουν, Καταχωρήστε ετικέτα πρώτοι!

MARC

LEADER 00000nam a2200000 i 4500
001 1/13534
008 001129s1993 eng d
020 |a 0-8039-8447-2 
035 |l 10064658 
040 |a GR-MY-UA  |b gre  |e aacr 
041 0 |a eng 
082 0 |a 302.23 
100 1 |a Moores, Shaun. 
245 1 0 |a Interpreting audiences :  |b the ethnography of media consumption /  |c Shaun Moores 
260 |a London :   |b Sage Publications,   |c c1993 
300 |a 154 p.;  |c 24 cm. 
490 1 |a Media, culture and society series 
504 |a Includes bibliographical references and index 
650 0 0 |a Mass media  |x Audiences. 
650 0 0 |a Mass media  |x Research  |x History. 
830 0 |a Media, culture and society series 
852 |a INST  |b LESVOS  |e 20001129  |h 302.23 MOO  |p 005100029462  |q 005100029462  |t BK  |y 0 
901 |a BIBL1-2000-3 
909 |a Λ  |b 082852 
922 |a 1ΕΛΗ  |b 200011  |c ΤΑΚ/ΠΤΕ  |d ΜΙΧΑΛΟΠΟΥΛΟΣ 
950 |a 185-2000-09-13 
970 |a ΤΖΑΦΕΡΗ  |b ΕΥΑΓΓΕΛΙΑ  |z 2000/12/05